00465 2200181 4500001002100000005001500021008004100036020001800077035001900095041000700114082000800121090001400129100002200143245002700165260004100192300002300233650002700256INLIS00000000001212420241224114315241224||||||||| | ||| |||| || |  a979-421-684-4 0010-1224012124 aid0 a297 a297 MOH p0 aMohammad Daud Ali00aPendidikan Agama Islam aJakartabRaja Grafindo Persadac2010 axix+478hlm;14x21cm 0aPendidikan Agama Islam